[Event "BL 8384 Bochum-Porz"]
[Site "?"]
[Date "1984.??.??"]
[Round "?.1"]
[White "Hort, V."]
[Black "Schussler, H."]
[Result "1/2-1/2"]
[WhiteElo "2595"]
[BlackElo "2485"]
[PlyCount "109"]
[EventDate "1984.??.??"]

1. c4 c5 2. Nc3 Nc6 3. Nf3 e5 4. e3 Nf6 5. b3 g6 6. Bb2 Bg7 7. Rc1 O-O 8. a3
Re8 9. d3 b6 10. Be2 Bb7 11. e4 d6 12. O-O Nd7 13. Nd2 Nf8 14. Nd5 Ne6 15. Bg4
Ncd4 16. Nf3 Bh6 17. Rb1 Rf8 18. b4 Nxf3+ 19. Bxf3 Bxd5 20. exd5 Nd4 21. bxc5
bxc5 22. Bxd4 cxd4 23. Qa4 Bd2 24. Qa6 Rb8 25. c5 dxc5 26. Qxa7 Qd6 27. Qa4
Rfc8 28. Rxb8 Rxb8 29. Qc6 Qxc6 30. dxc6 Kf8 31. Bd5 Ke7 32. a4 f5 33. Bc4 Kd6
34. Bb5 e4 35. Rd1 Ba5 36. Kf1 exd3 37. Rxd3 Kd5 38. Rd1 Re8 39. Rc1 Re7 40. g3
Bc3 41. Rc2 Re1+ 42. Kg2 Ba5 43. h4 h6 44. Kf3 g5 45. hxg5 hxg5 46. Kg2 Bc7 47.
Kf3 Ba5 48. Kg2 Kd6 49. Kf3 Rb1 50. Re2 Rb3+ 51. Kg2 d3 52. Re3 f4 53. gxf4
gxf4 54. Rh3 d2 55. Rxb3 1/2-1/2

[Event "BL 8384 Bochum-Porz"]
[Site "?"]
[Date "1984.??.??"]
[Round "?.3"]
[White "Goehring, K."]
[Black "Ueter, H."]
[Result "1/2-1/2"]
[WhiteElo "2355"]
[BlackElo "2270"]
[PlyCount "65"]
[EventDate "1984.??.??"]

1. d4 Nf6 2. c4 c5 3. d5 e6 4. Nc3 exd5 5. cxd5 d6 6. Nf3 g6 7. e4 Bg7 8. Be2
O-O 9. O-O Re8 10. Nd2 b6 11. Kh1 Ba6 12. Bxa6 Nxa6 13. f3 Nc7 14. a4 Nd7 15.
Nc4 Ne5 16. Ne3 c4 17. f4 Nd3 18. Nxc4 Nxc1 19. Rxc1 Bxc3 20. Rxc3 Rxe4 21. f5
Ne8 22. b3 Ng7 23. Rg3 Qd7 24. Ne3 h5 25. Qf3 Rae8 26. fxg6 fxg6 27. Nc4 Re1
28. Kg1 Kh7 29. Qf2 Rxf1+ 30. Qxf1 Nf5 31. Rf3 Qg7 32. Rd3 Qe7 33. Rf3 1/2-1/2

[Event "BL 8384 Bochum-Porz"]
[Site "?"]
[Date "1984.??.??"]
[Round "?.4"]
[White "Konikowski, J."]
[Black "Marian, R."]
[Result "0-1"]
[WhiteElo "2390"]
[BlackElo "2360"]
[PlyCount "92"]
[EventDate "1984.??.??"]

1. d4 d5 2. Nf3 c6 3. c4 e6 4. Nc3 dxc4 5. a4 Bb4 6. e3 b5 7. Bd2 Bb7 8. axb5
Bxc3 9. Bxc3 cxb5 10. b3 a5 11. bxc4 b4 12. Bb2 Nf6 13. Bd3 O-O 14. O-O Be4 15.
Bxe4 Nxe4 16. Qc2 f5 17. Ne5 Qc7 18. f3 Nf6 19. Qb3 Nbd7 20. Nxd7 Qxd7 21. Ra4
Ra6 22. Rfa1 Rfa8 23. Rd1 Kh8 24. Bc1 Rc8 25. Bd2 f4 26. Rda1 fxe3 27. Bxe3
Rca8 28. Bf2 h6 29. h4 Qc6 30. Rd1 Rc8 31. d5 Qxc4 32. Qxc4 Rxc4 33. dxe6 Rxe6
34. Rxa5 Rc2 35. g4 Kh7 36. Rb1 Ree2 37. Bd4 Rg2+ 38. Kf1 Rh2 39. h5 b3 40. Rb5
Rcd2 41. Bg1 Rh1 42. R5xb3 Nd5 43. f4 Nxf4 44. R3b2 Nh3 45. Rxd2 Rxg1+ 46. Ke2
Rxb1 {.../52/} 0-1

[Event "BL 8384 Bochum-Porz"]
[Site "?"]
[Date "1984.??.??"]
[Round "?.5"]
[White "Ostermeyer, P."]
[Black "Beckemeyer, W."]
[Result "1-0"]
[WhiteElo "2450"]
[BlackElo "2290"]
[PlyCount "57"]
[EventDate "1984.??.??"]

1. d4 Nf6 2. c4 g6 3. Nc3 d6 4. e4 Bg7 5. f3 O-O 6. Be3 b6 7. Qd2 c5 8. Nge2
Nc6 9. d5 Ne5 10. Ng3 Re8 11. Be2 e6 12. O-O Ba6 13. b3 exd5 14. cxd5 Bxe2 15.
Ngxe2 a6 16. a4 Qc7 17. Kh1 Qb7 18. Bg5 b5 19. axb5 axb5 20. Rxa8 Rxa8 21. f4
Neg4 22. e5 b4 23. exf6 bxc3 24. Qxc3 Qxd5 25. fxg7 Ra2 26. Qg3 h5 27. h3 Rxe2
28. hxg4 Kxg7 29. gxh5 1-0

[Event "BL 8384 Bochum-Porz"]
[Site "?"]
[Date "1984.??.??"]
[Round "?.6"]
[White "Sehner, N."]
[Black "Gerusel, M."]
[Result "1-0"]
[WhiteElo "2315"]
[BlackElo "2390"]
[PlyCount "77"]
[EventDate "1984.??.??"]

1. c4 e5 2. Nc3 Nc6 3. g3 g6 4. Bg2 Bg7 5. e3 d6 6. Nge2 Nge7 7. O-O O-O 8. d3
Be6 9. Nd5 Qd7 10. Nec3 f5 11. Qd2 Nd8 12. b3 Kh8 13. Bb2 Ng8 14. d4 c6 15. Nb4
exd4 16. exd4 a5 17. Na4 Rb8 18. Nd3 b5 19. d5 cxd5 20. cxb5 Nf6 21. Rac1 Qxb5
22. Nf4 Bf7 23. Rfd1 Nc6 24. Nc3 Qb4 25. Ncxd5 Qxd2 26. Rxd2 Nxd5 27. Bxg7+
Kxg7 28. Bxd5 Ne5 29. Rc7 Kg8 30. Kg2 Rb5 31. Ra7 Rc8 32. Be6 Bxe6 33. Nxe6 Nf7
34. h4 Re5 35. Ng5 Nxg5 36. hxg5 Rc6 37. Rd7 Re6 38. Rd5 Ra6 39. Rb5 1-0

[Event "BL 8384 Bochum-Porz"]
[Site "?"]
[Date "1984.??.??"]
[Round "?.7"]
[White "Schmidt, B."]
[Black "Wittmann, R."]
[Result "1-0"]
[WhiteElo "2340"]
[BlackElo "2305"]
[PlyCount "79"]
[EventDate "1984.??.??"]

1. d4 Nf6 2. Nf3 g6 3. c4 c5 4. d5 Bg7 5. Nc3 O-O 6. g3 d6 7. Bg2 Na6 8. O-O
Nc7 9. e4 a6 10. a4 b6 11. Re1 Rb8 12. e5 Nfe8 13. Bf4 b5 14. axb5 axb5 15. b3
Ba6 16. Bf1 bxc4 17. bxc4 Rb4 18. Ra4 Rb6 19. Qc1 Bc8 20. h3 e6 21. Bg5 f6 22.
exf6 Bxf6 23. Bh6 Bg7 24. Bg2 exd5 25. Nxd5 Nxd5 26. cxd5 Rb7 27. Bxg7 Nxg7 28.
Ng5 Re8 29. Rae4 Rxe4 30. Nxe4 Nf5 31. Qf4 Re7 32. Rb1 Re5 33. Kh2 Kg7 34. Rb8
Rxd5 35. g4 Nd4 36. Nc3 Re5 37. Bb7 Ne6 38. Rxc8 Qxc8 39. Qxe5+ dxe5 40. Bxc8
1-0

[Event "BL 8384 Bochum-Porz"]
[Site "?"]
[Date "1984.??.??"]
[Round "?.8"]
[White "Roevekamp, F."]
[Black "Kreutzkamp, R."]
[Result "0-1"]
[WhiteElo "2325"]
[BlackElo "2235"]
[PlyCount "106"]
[EventDate "1984.??.??"]

1. e4 c6 2. d4 d5 3. e5 Bf5 4. h4 h5 5. c4 e6 6. Nc3 dxc4 7. Bxc4 Nd7 8. Nge2
Be7 9. Ng3 Bg6 10. Nge4 Bxe4 11. Nxe4 Qb6 12. a3 O-O-O 13. Nd6+ Bxd6 14. exd6
Ndf6 15. Bf4 Nh6 16. Rh3 Nf5 17. Rc1 Nxd6 18. Be5 Ng4 19. Qe2 Nxc4 20. Rxc4
Nxe5 21. dxe5 Rd5 22. Rhc3 Rhd8 23. Rf4 R8d7 24. Rb4 Qc7 25. Re3 g6 26. g3 Rd4
27. Rxd4 Rxd4 28. Kf1 Qd7 29. b3 Qd5 30. Qf3 c5 31. Kg1 b5 32. Qxd5 Rxd5 33.
Rf3 Rd7 34. Rc3 Rc7 35. Kg2 Kb7 36. Rd3 c4 37. bxc4 bxc4 38. Rc3 Kb6 39. Kf3
Kc5 40. Ke4 Rd7 41. f3 Rd4+ 42. Ke3 Kd5 43. a4 Kxe5 44. a5 Rd3+ 45. Rxd3 cxd3
46. Kxd3 Kd5 47. g4 f5 48. gxf5 gxf5 49. f4 e5 50. fxe5 Kxe5 51. Ke3 f4+ 52.
Kf3 a6 53. Kf2 Ke4 0-1

[Event "BL 8384 Solingen-Koblenz"]
[Site "?"]
[Date "1984.??.??"]
[Round "?.1"]
[White "Wolf, V."]
[Black "Lobron, E."]
[Result "0-1"]
[WhiteElo "2245"]
[BlackElo "2480"]
[PlyCount "76"]
[EventDate "1984.??.??"]

1. e4 c6 2. d4 d5 3. exd5 cxd5 4. c4 Nf6 5. Nc3 e6 6. Nf3 Bb4 7. Bd3 dxc4 8.
Bxc4 O-O 9. O-O Nbd7 10. Qd3 b6 11. Bg5 Bb7 12. Rac1 Rc8 13. a3 Bxc3 14. Rxc3
h6 15. Bh4 Qe8 16. Re1 Nd5 17. Rcc1 N7f6 18. Bg3 Qe7 19. Be5 Rfd8 20. Ba2 Qe8
21. Bb1 Rxc1 22. Rxc1 Rc8 23. Rxc8 Qxc8 24. Qc2 Qd7 25. h3 Kf8 26. Nd2 Ne7 27.
Bxf6 gxf6 28. Qh7 Qxd4 29. Qh8+ Ng8 30. Bh7 Qxd2 31. Qxg8+ Ke7 32. Bg6 Qc1+ 33.
Kh2 Qc7+ 34. g3 fxg6 35. Qg7+ Kd6 36. Qxf6 Bd5 37. Qf8+ Qe7 38. Qf4+ Kc6 0-1

[Event "BL 8384 Solingen-Koblenz"]
[Site "?"]
[Date "1984.??.??"]
[Round "?.2"]
[White "Lau, R."]
[Black "Schulz, KJ."]
[Result "1-0"]
[WhiteElo "2395"]
[BlackElo "2330"]
[PlyCount "71"]
[EventDate "1984.??.??"]

1. e4 c5 2. Nf3 e6 3. d4 cxd4 4. Nxd4 Nf6 5. Nc3 d6 6. Be2 Be7 7. O-O O-O 8. f4
Nc6 9. Kh1 Qc7 10. Be3 a6 11. a4 Bd7 12. Nb3 b6 13. Bf3 Rfd8 14. Qe2 Be8 15. g4
Nd7 16. g5 Nc5 17. Nd4 Qb7 18. Qg2 Nxd4 19. Bxd4 b5 20. e5 d5 21. axb5 axb5 22.
Rxa8 Qxa8 23. f5 b4 24. f6 Bf8 25. fxg7 Be7 26. Ne2 Ne4 27. Be3 Rc8 28. Nd4 Qa2
29. g6 hxg6 30. Qh3 Kxg7 31. Nxe6+ fxe6 32. Bh6+ Kh7 33. Bxe4 Qc4 34. Bf8+ Bh4
35. Bd3 Qd4 36. Be7 1-0

[Event "BL 8384 Solingen-Koblenz"]
[Site "?"]
[Date "1984.??.??"]
[Round "?.4"]
[White "Borik, O."]
[Black "Trauth, M."]
[Result "0-1"]
[WhiteElo "2395"]
[BlackElo "2235"]
[PlyCount "96"]
[EventDate "1984.??.??"]

1. e4 c5 2. Nf3 Nc6 3. d4 cxd4 4. Nxd4 g6 5. Nc3 Bg7 6. Be3 Nf6 7. Bc4 O-O 8.
Bb3 a5 9. f3 d5 10. exd5 Nb4 11. Nde2 a4 12. Nxa4 Nfxd5 13. Bf2 Bf5 14. O-O b5
15. Nac3 Nxc3 16. Nxc3 Qxd1 17. Rfxd1 Bxc2 18. Bxc2 Nxc2 19. Rac1 Bxc3 20. Rxc2
Bf6 21. b3 Ra6 22. Kf1 Rfa8 23. Rdd2 b4 24. Re2 e6 25. Bc5 Bc3 26. Kf2 Ra5 27.
Be3 Rd5 28. Bd2 Bxd2 29. Rexd2 Rxd2+ 30. Rxd2 Kf8 31. Ke2 Ke7 32. g4 Ra5 33.
Kd3 Rd5+ 34. Kc2 Rxd2+ 35. Kxd2 Kd6 36. Kd3 Kd5 37. g5 e5 38. h3 Kc5 39. Ke3
Kc6 40. Kd3 Kd6 41. Ke3 Ke6 42. Ke4 f5+ 43. gxf6 Kxf6 44. f4 exf4 45. Kxf4 g5+
46. Kg3 Kf5 47. Kf3 h5 48. Kg3 Ke4 0-1

[Event "BL 8384 Solingen-Koblenz"]
[Site "?"]
[Date "1984.??.??"]
[Round "?.6"]
[White "Meyer, CD."]
[Black "Brueckner, T."]
[Result "0-1"]
[WhiteElo "2320"]
[BlackElo "2250"]
[PlyCount "88"]
[EventDate "1984.??.??"]

1. e4 c5 2. Nf3 e6 3. d3 Nc6 4. g3 g6 5. Bg2 Bg7 6. O-O Nge7 7. Re1 d6 8. c3 e5
9. a3 O-O 10. b4 h6 11. Bb2 Be6 12. Nbd2 Qd7 13. b5 Nd8 14. a4 f5 15. d4 f4 16.
dxc5 dxc5 17. Qc2 g5 18. c4 Ng6 19. Nb3 Qe7 20. Ba3 Rc8 21. Rad1 Bg4 22. Rd3
Ne6 23. Nfd2 Nd4 24. Nxd4 exd4 25. h3 Be6 26. Nf3 Qf7 27. Rc1 g4 28. hxg4 Bxg4
29. Ne1 Ne5 30. gxf4 Qxf4 31. Rg3 h5 32. Nd3 Nxd3 33. Rxd3 Be5 34. Re1 h4 35.
Qd2 Qh2+ 36. Kf1 Bf4 37. Qc2 h3 38. Bf3 Bg3 39. Qd2 Bf4 40. Qb2 Be3 41. Rexe3
dxe3 42. Rd5 e2+ 43. Ke1 Qg1+ 44. Kxe2 Bxf3+ 0-1

[Event "BL 8384 Münster-HSK"]
[Site "?"]
[Date "1984.??.??"]
[Round "?.1"]
[White "Chandler, M."]
[Black "Wiemer, R."]
[Result "1-0"]
[WhiteElo "2485"]
[BlackElo "2290"]
[PlyCount "79"]
[EventDate "1984.??.??"]

1. e4 Nf6 2. e5 Nd5 3. d4 d6 4. Nf3 Bg4 5. Be2 e6 6. O-O Be7 7. c4 Nb6 8. Nc3
O-O 9. Be3 a5 10. exd6 cxd6 11. Nb5 Na6 12. Rc1 a4 13. h3 Bh5 14. Qd2 Nc7 15.
Na3 Nd7 16. Rfd1 d5 17. c5 Bxf3 18. Bxf3 b6 19. c6 Nb8 20. Be2 Nba6 21. Bxa6
Rxa6 22. Bf4 Bd6 23. Nc2 b5 24. Nb4 Ra7 25. Nd3 Na6 26. Bxd6 Qxd6 27. Qa5 Rb8
28. Rc2 Qc7 29. Qd2 Rc8 30. Rdc1 Qb6 31. Ne5 Nb8 32. Qb4 f6 33. c7 Raxc7 34.
Qe7 Na6 35. Rxc7 Rxc7 36. Rxc7 Qxc7 37. Qxe6+ Kh8 38. Nf7+ Kg8 39. Nd6+ Kf8 40.
Qc8+ 1-0

[Event "BL 8384 Enger-Delmenhorst"]
[Site "?"]
[Date "1984.??.??"]
[Round "?.1"]
[White "Hermann, Man"]
[Black "Smejkal, J."]
[Result "1/2-1/2"]
[WhiteElo "2335"]
[BlackElo "2560"]
[PlyCount "59"]
[EventDate "1984.??.??"]

1. e4 g6 2. d4 Bg7 3. c3 d6 4. Bc4 Nf6 5. Qe2 c6 6. Bb3 e5 7. dxe5 dxe5 8. Nf3
Nbd7 9. O-O O-O 10. a4 a5 11. Rd1 Qc7 12. Nbd2 Nc5 13. Bc2 Rd8 14. b4 Ne6 15.
Nc4 Rxd1+ 16. Qxd1 axb4 17. cxb4 Nd4 18. Bb2 Bg4 19. Ncxe5 Nxf3+ 20. Nxf3 Rd8
21. Qe2 Bxf3 22. Qxf3 Ng4 23. Qxg4 Bxb2 24. Rd1 Rxd1+ 25. Qxd1 Qb6 26. Qd2 Ba3
27. Bb3 Qxb4 28. Qxb4 Bxb4 29. Kf1 Kf8 30. Ke2 1/2-1/2

[Event "BL 8384 Enger-Delmenhorst"]
[Site "?"]
[Date "1984.??.??"]
[Round "?.2"]
[White "Podzielny, K."]
[Black "Juhnke, K."]
[Result "0-1"]
[WhiteElo "2405"]
[BlackElo "2325"]
[PlyCount "108"]
[EventDate "1984.??.??"]

1. d4 Nf6 2. Nf3 g6 3. g3 Bg7 4. Bg2 O-O 5. O-O d6 6. c4 Nc6 7. Nc3 a6 8. d5
Na5 9. Nd2 c5 10. Qc2 Rb8 11. b3 b5 12. Bb2 Bh6 13. Ncb1 e5 14. Bc3 b4 15. Bb2
Nh5 16. a3 Nb7 17. axb4 cxb4 18. Rxa6 Na5 19. Rc6 Bf5 20. Ne4 Nxc6 21. dxc6 Rc8
22. Qd1 Bxe4 23. Bxe4 Qe7 24. Nd2 Ng7 25. e3 Ne6 26. Bd5 Nd8 27. Ne4 Nxc6 28.
Nxd6 Rc7 29. Nb5 Rcc8 30. Qf3 Qc5 31. Ra1 Bg7 32. Ra6 Ne7 33. Rd6 Nxd5 34. Rxd5
Qe7 35. Qd1 Ra8 36. Nd6 Ra2 37. Qb1 Rfa8 38. c5 Qe6 39. e4 Qg4 40. Nc4 h5 41.
h4 Bf6 42. Qd3 Bxh4 43. Kg2 Bf6 44. Nxe5 Bxe5 45. Bxe5 h4 46. Rd8+ Kh7 47. Rxa8
h3+ 48. Kh2 Rxa8 49. Qd5 Qf3 50. Kxh3 Re8 51. Bf4 Qh1+ 52. Kg4 f5+ 53. Kg5 Qh6+
54. Kf6 Qg7+ 0-1

[Event "BL 8384 Enger-Delmenhorst"]
[Site "?"]
[Date "1984.??.??"]
[Round "?.4"]
[White "Fleck, J."]
[Black "Ditt, E."]
[Result "1/2-1/2"]
[WhiteElo "2365"]
[BlackElo "2300"]
[PlyCount "119"]
[EventDate "1984.??.??"]

1. e4 g6 2. d4 Bg7 3. Nc3 d6 4. Nf3 Nf6 5. Be2 O-O 6. O-O Bg4 7. Bg5 Nc6 8. h3
Bxf3 9. Bxf3 Nd7 10. Ne2 h6 11. Be3 e5 12. c3 Nb6 13. Qc1 Kh7 14. d5 Ne7 15. c4
f5 16. g3 Nd7 17. Bg2 Nf6 18. exf5 Nxf5 19. Nc3 Qd7 20. Kh2 b6 21. Qd2 Rf7 22.
Ne4 Raf8 23. Qd3 Nxe3 24. Qxe3 Ng8 25. h4 Ne7 26. Bh3 Nf5 27. Qd3 Qe7 28. Bg4
Kh8 29. h5 g5 30. Bxf5 Rxf5 31. f3 Qe8 32. Kg2 Qa4 33. a3 Qd7 34. b3 a5 35.
Rac1 R5f7 36. g4 Rf4 37. Kg3 Qf7 38. Rf2 Kg8 39. Rcc2 Qe7 40. Ra2 Ra8 41. Qe3
Bf8 42. Kg2 Re8 43. Rae2 Qf7 44. Qd3 Qh7 45. Re3 Ra8 46. Rd2 Kh8 47. Ng3 Qxd3
48. Rdxd3 a4 49. Re4 axb3 50. Rxb3 Ra4 51. Rc3 Ra5 52. Kf2 Rf7 53. Nf1 Rd7 54.
Ne3 Rd8 55. Nc2 Bg7 56. Ke2 Kg8 57. Kd1 Kf7 58. Kc1 Ke8 59. Nb4 Kd7 60. Nc6
1/2-1/2

[Event "BL 8384 Enger-Delmenhorst"]
[Site "?"]
[Date "1984.??.??"]
[Round "?.5"]
[White "Franke, R."]
[Black "Kunsztowicz, U."]
[Result "1/2-1/2"]
[WhiteElo "2290"]
[BlackElo "2350"]
[PlyCount "67"]
[EventDate "1984.??.??"]

1. Nf3 d6 2. d4 Nf6 3. g3 g6 4. Bg2 Bg7 5. O-O O-O 6. c4 Nc6 7. Nc3 Rb8 8. Bd2
a6 9. Rc1 Bd7 10. b3 b5 11. d5 Na7 12. Be3 c5 13. dxc6 Nxc6 14. c5 dxc5 15.
Bxc5 Qa5 16. Nd4 Rfc8 17. Nxc6 Bxc6 18. b4 Qa3 19. Bxc6 Rxc6 20. Nd5 Nxd5 21.
Qxd5 Re6 22. e3 Re5 23. Qb3 Qxb3 24. axb3 Re4 25. Rfd1 Rc8 26. Rc2 f5 27. Ra2
Rc6 28. Rd7 Kf7 29. Ra7 Ree6 30. Rd2 Be5 31. Rd8 Bd6 32. Bd4 Be5 33. Bc5 Bd6
34. Bd4 1/2-1/2

[Event "BL 8384 Enger-Delmenhorst"]
[Site "?"]
[Date "1984.??.??"]
[Round "?.7"]
[White "Schlemermeyer, W."]
[Black "Clemens, C."]
[Result "1/2-1/2"]
[WhiteElo "2220"]
[BlackElo "2380"]
[PlyCount "21"]
[EventDate "1984.??.??"]

1. e4 d5 2. exd5 Nf6 3. d4 Nxd5 4. Nf3 Bg4 5. Be2 e6 6. O-O Be7 7. Nbd2 O-O 8.
Ne4 Nc6 9. c3 Bf5 10. Bd3 Bg4 11. Be2 1/2-1/2

[Event "BL 8384 Enger-Delmenhorst"]
[Site "?"]
[Date "1984.??.??"]
[Round "?.8"]
[White "Stertenbrink, G."]
[Black "Dornieden, M."]
[Result "1-0"]
[WhiteElo "2225"]
[BlackElo "2290"]
[PlyCount "77"]
[EventDate "1984.??.??"]

1. e4 c5 2. Nf3 Nc6 3. d4 cxd4 4. Nxd4 Nf6 5. Nc3 e5 6. Ndb5 d6 7. Bg5 a6 8.
Na3 b5 9. Bxf6 gxf6 10. Nd5 Rb8 11. c3 Be6 12. Nc2 Bxd5 13. Qxd5 Qb6 14. Ne3
Ne7 15. Qd3 Rd8 16. a4 d5 17. exd5 Bh6 18. axb5 Bxe3 19. Qxe3 Qb7 20. Qe2 O-O
21. O-O-O axb5 22. Qxb5 Qa7 23. Bc4 Rd6 24. Qb4 Rfd8 25. Rhf1 Nxd5 26. Bxd5
Rxd5 27. Qg4+ Kf8 28. Rxd5 Rxd5 29. Qc4 Qd7 30. Qe2 Qa4 31. Kb1 Ra5 32. Rd1
Qa2+ 33. Kc1 Qa1+ 34. Kc2 Qa4+ 35. Kd2 Qf4+ 36. Ke1 Qxh2 37. Rd8+ Kg7 38. Qg4+
Kh6 39. Rd3 1-0

[Event "BL 8384 HSK-Enger"]
[Site "?"]
[Date "1984.??.??"]
[Round "?.1"]
[White "Smejkal, J."]
[Black "Chandler, M."]
[Result "0-1"]
[WhiteElo "2560"]
[BlackElo "2485"]
[PlyCount "102"]
[EventDate "1984.??.??"]

1. c4 e6 2. Nf3 d5 3. d4 c5 4. cxd5 exd5 5. g3 Nc6 6. Bg2 Nf6 7. O-O Be7 8. Nc3
O-O 9. dxc5 Bxc5 10. Bg5 d4 11. Ne4 Be7 12. Bxf6 Bxf6 13. Rc1 Bf5 14. Ne1 Re8
15. Nc5 Qb6 16. Ned3 Rac8 17. Re1 h5 18. h4 Nb4 19. Qa4 Nxd3 20. Nxd3 g6 21. b4
Kg7 22. Rxc8 Rxc8 23. Nc5 Rc7 24. Bf3 Be7 25. Rc1 Bxc5 26. bxc5 Qb2 27. Rd1
Rxc5 28. Qxa7 b6 29. Qa4 Be6 30. Qxd4+ Qxd4 31. Rxd4 Bxa2 32. Rd6 b5 33. Be4
Bc4 34. Bd3 Bd5 35. f3 b4 36. Rb6 b3 37. Kf2 Be6 38. Ke3 Kf6 39. g4 Ke7 40. Kd4
Rd5+ 41. Kc3 Rd6 42. Rb5 hxg4 43. fxg4 Rd8 44. h5 gxh5 45. gxh5 Rh8 46. Kd2 Kd6
47. Kc3 Kc6 48. Rb4 Rxh5 49. Bc4 Rc5 50. Kxb3 Rxc4 51. Rxc4+ Kb5 0-1

[Event "BL 8384 HSK-Enger"]
[Site "?"]
[Date "1984.??.??"]
[Round "?.2"]
[White "Reefschlaeger, H."]
[Black "Podzielny, K."]
[Result "0-1"]
[WhiteElo "2430"]
[BlackElo "2405"]
[PlyCount "86"]
[EventDate "1984.??.??"]

1. d4 Nf6 2. Nf3 g6 3. Bg5 Bg7 4. Nbd2 d5 5. e3 O-O 6. Bd3 c5 7. c3 Qb6 8. Rb1
Nc6 9. O-O Re8 10. b4 cxd4 11. cxd4 Bf5 12. Bxf5 gxf5 13. Bxf6 Bxf6 14. Ne1 e6
15. Nd3 Qd8 16. Qa4 Ne7 17. Rbc1 Nc8 18. Rc7 Re7 19. Rxe7 Qxe7 20. Rc1 Nd6 21.
Qa5 Qe8 22. Qa3 Be7 23. Qb3 Rc8 24. Rxc8 Qxc8 25. Kf1 b6 26. a4 a6 27. g3 Ne4
28. Nxe4 fxe4 29. Nf4 Qc1+ 30. Kg2 Qd2 31. b5 a5 32. h4 Kf8 33. Kf1 Bb4 34. Kg2
h6 35. Kf1 Bd6 36. Ne2 Bb4 37. Nf4 Ke7 38. Kg2 Bd6 39. Nh3 Kf6 40. Ng1 Kf5 41.
Qb1 Kg4 42. Kf1 Qd3+ 43. Qxd3 exd3 0-1

[Event "BL 8384 HSK-Enger"]
[Site "?"]
[Date "1984.??.??"]
[Round "?.3"]
[White "Gruen, G."]
[Black "Gruenberg, Ra"]
[Result "1-0"]
[WhiteElo "2290"]
[BlackElo "2265"]
[PlyCount "99"]
[EventDate "1984.??.??"]

1. d4 Nf6 2. Nf3 g6 3. c4 Bg7 4. g3 d5 5. Bg2 O-O 6. O-O dxc4 7. Na3 Nc6 8.
Nxc4 Be6 9. b3 Bd5 10. Bb2 a5 11. Rc1 Ra6 12. a3 Qc8 13. Ne3 Be4 14. Ne5 Bxg2
15. Kxg2 Qe6 16. Nd3 Nd7 17. d5 Qe4+ 18. Kg1 Bxb2 19. Nxb2 Nce5 20. Rxc7 f5 21.
Nbc4 Nxc4 22. bxc4 Ne5 23. Qc2 Qxc2 24. Nxc2 Rb6 25. f4 Ng4 26. Rxe7 Rc8 27. h3
Rxc4 28. hxg4 Rxc2 29. Rd1 Rd6 30. gxf5 gxf5 31. Kf2 b5 32. Re5 b4 33. axb4
axb4 34. Rb1 Rb6 35. Rb3 Ra2 36. Rxf5 Ra3 37. Rxa3 bxa3 38. d6 Ra6 39. d7 Ra8
40. Ra5 Rd8 41. Rxa3 Rxd7 42. Kf3 Kf7 43. Ra6 Rb7 44. e3 Rb2 45. e4 h5 46. Rh6
Rb3+ 47. Kg2 Re3 48. e5 Re2+ 49. Kf3 Re1 50. Rxh5 1-0

[Event "BL 8384 HSK-Enger"]
[Site "?"]
[Date "1984.??.??"]
[Round "?.4"]
[White "Hess, C."]
[Black "Fleck, J."]
[Result "1/2-1/2"]
[WhiteElo "2230"]
[BlackElo "2365"]
[PlyCount "59"]
[EventDate "1984.??.??"]

1. d4 g6 2. e4 Bg7 3. Nf3 d6 4. c3 Nf6 5. Bd3 O-O 6. O-O Nc6 7. Nbd2 e5 8. dxe5
Nxe5 9. Nxe5 dxe5 10. Nc4 Qe7 11. Bg5 Re8 12. Re1 Qf8 13. b4 Nh5 14. Be3 Bh6
15. Qa4 Bxe3 16. Nxe3 Nf4 17. Bf1 Be6 18. Qb5 Bc8 19. Rad1 Qe7 20. Nd5 Nxd5 21.
exd5 a6 22. Qa4 Bd7 23. Qb3 b5 24. c4 bxc4 25. Qxc4 Bb5 26. Qc5 Rab8 27. Qxe7
Rxe7 28. a3 Rd8 29. Re3 c6 30. d6 1/2-1/2

[Event "BL 8384 HSK-Enger"]
[Site "?"]
[Date "1984.??.??"]
[Round "?.5"]
[White "Kunsztowicz, U."]
[Black "Zieher, H."]
[Result "1/2-1/2"]
[WhiteElo "2350"]
[BlackElo "2235"]
[PlyCount "131"]
[EventDate "1984.??.??"]

1. d4 d5 2. c4 dxc4 3. Nf3 Nf6 4. e3 Bg4 5. Bxc4 e6 6. h3 Bh5 7. Nc3 a6 8. O-O
Nc6 9. Be2 Bd6 10. b3 O-O 11. Bb2 Bg6 12. Nh4 Ne7 13. Bf3 Rb8 14. Na4 Be4 15.
Bxe4 Nxe4 16. Qc2 f5 17. Nc5 Bxc5 18. dxc5 Qe8 19. Qc4 Qc6 20. Qd4 Rf7 21. Nf3
Ng6 22. Rac1 Rd7 23. Qc4 Nd2 24. Nxd2 Rxd2 25. Qc3 Rd7 26. Rcd1 Rbd8 27. Rd2 e5
28. Rxd7 Rxd7 29. Qc2 Qe6 30. Rd1 c6 31. h4 Nf8 32. a3 g6 33. b4 Kf7 34. Re1
Qd5 35. Qc3 Re7 36. Qc2 Nd7 37. Rd1 Qa2 38. Ra1 Qd5 39. Rd1 Qa2 40. Ra1 Qe6 41.
Rd1 Nf6 42. Bc1 Rd7 43. Rxd7+ Qxd7 44. Bb2 Qd5 45. f3 Ke6 46. Kf2 Qa2 47. Qc3
Qd5 48. Qc2 Nd7 49. e4 fxe4 50. fxe4 Qa2 51. Kf3 Ke7 52. g3 h5 53. Qc3 Qe6 54.
Kg2 Qf7 55. Bc1 Qa2+ 56. Qd2 Qe6 57. Qd3 Ke8 58. Bg5 Qa2+ 59. Kg1 Qa1+ 60. Kf2
Qa2+ 61. Kg1 Qe6 62. Kg2 Nf6 63. Bxf6 Qxf6 64. Qc4 Kf8 65. Qf1 Ke7 66. Qxf6+
1/2-1/2

[Event "BL 8384 Delmenhorst-Münster"]
[Site "?"]
[Date "1984.??.??"]
[Round "?.1"]
[White "Wiemer, R."]
[Black "Hermann, Man"]
[Result "1/2-1/2"]
[WhiteElo "2290"]
[BlackElo "2335"]
[PlyCount "41"]
[EventDate "1984.??.??"]

1. e4 e5 2. Bc4 Nf6 3. d3 Bc5 4. Nf3 d6 5. O-O Bg4 6. c3 Bb6 7. Nbd2 Nc6 8. Bb3
Qd7 9. Nc4 h6 10. a4 Na5 11. Nxa5 Bxa5 12. h3 Bh5 13. Qe2 c6 14. Bd1 O-O 15.
Be3 Bc7 16. Qd2 d5 17. Re1 dxe4 18. dxe4 Qe6 19. Qc2 Bxf3 20. Bxf3 Bb6 21. Rad1
1/2-1/2

[Event "BL 8384 Sindelfingen-HSK"]
[Site "?"]
[Date "1984.??.??"]
[Round "?.3"]
[White "Cordes, H."]
[Black "Ullrich, F."]
[Result "1/2-1/2"]
[WhiteElo "2305"]
[BlackElo "2275"]
[PlyCount "47"]
[EventDate "1984.??.??"]

1. d4 d5 2. c4 dxc4 3. e4 e5 4. Nf3 Bb4+ 5. Bd2 Bxd2+ 6. Qxd2 exd4 7. Qxd4 Qxd4
8. Nxd4 Bd7 9. Bxc4 Nc6 10. Nxc6 Bxc6 11. Nc3 Nf6 12. O-O-O Rd8 13. f3 Ke7 14.
b4 b6 15. Rd2 Rxd2 16. Kxd2 Bb7 17. Rc1 Rc8 18. Nb5 c6 19. Nd4 g6 20. Bb3 Nd7
21. Ba4 Kd6 22. Ke3 Nf8 23. f4 f6 24. Rc2 1/2-1/2

[Event "BL 8384 Sindelfingen-HSK"]
[Site "?"]
[Date "1984.??.??"]
[Round "?.4"]
[White "Hoffmann, H."]
[Black "Gruenberg, Ra"]
[Result "0-1"]
[WhiteElo "2210"]
[BlackElo "2265"]
[PlyCount "138"]
[EventDate "1984.??.??"]

1. e4 c5 2. Nc3 Nc6 3. g3 g6 4. Bg2 Bg7 5. d3 d6 6. f4 e5 7. Nf3 Nge7 8. O-O
O-O 9. Be3 exf4 10. gxf4 Nd4 11. Bxd4 cxd4 12. Ne2 Qb6 13. b3 Bg4 14. Kh1 Rac8
15. Qd2 Qc5 16. Ne1 Rfe8 17. Ng3 Bh6 18. a3 Nc6 19. h3 Bd7 20. Qf2 Rc7 21. Ne2
a5 22. c4 dxc3 23. Qxc5 dxc5 24. Nxc3 Ne7 25. Rb1 Bg7 26. Ne2 Rd8 27. Rf3 Bc6
28. Kg1 Rcd7 29. Rc1 b6 30. Rc2 Bf6 31. Bf1 Bb5 32. Nc3 Bd4+ 33. Kh2 Bc6 34.
Rg3 Bg7 35. Re3 Bb7 36. Na4 Nc8 37. Nc3 Bc6 38. h4 Nd6 39. Bh3 Re7 40. Ree2
Bxc3 41. Rxc3 Nb5 42. Rc1 Nxa3 43. h5 Nb5 44. hxg6 hxg6 45. f5 Nd4 46. Rg2 Kg7
47. Rc3 Rh8 48. fxg6 fxg6 49. Kg3 Re5 50. Bg4 Rh1 51. Nf3 Nxf3 52. Bxf3 Bb5 53.
Kf4 Re8 54. Rxg6+ Kxg6 55. Bxh1 Rd8 56. Ke3 Kf6 57. Bf3 Ke5 58. Be2 Rg8 59. Rc1
Bd7 60. Rh1 Rg3+ 61. Kf2 Rh3 62. Rg1 Be6 63. Rg6 Rh2+ 64. Ke3 Rh3+ 65. Kf2 Bxb3
66. Rxb6 a4 67. Rc6 Kd4 68. e5 Rh2+ 69. Ke1 a3 0-1

[Event "BL 8384 Heidelberg-Delmenhorst"]
[Site "?"]
[Date "1984.??.??"]
[Round "?.1"]
[White "Hermann, Man"]
[Black "Steinbacher, M."]
[Result "0-1"]
[WhiteElo "2335"]
[BlackElo "2310"]
[PlyCount "106"]
[EventDate "1984.??.??"]

1. d4 Nf6 2. Nf3 g6 3. Bg5 Bg7 4. Nbd2 O-O 5. e4 d6 6. c3 Nc6 7. Bb5 a6 8. Ba4
b5 9. Bc2 h6 10. Bh4 e5 11. dxe5 Nxe5 12. Nxe5 dxe5 13. a4 Be6 14. O-O Qe7 15.
Qe2 Rab8 16. axb5 axb5 17. Bb3 Rfd8 18. Bxe6 Qxe6 19. Rfd1 Rd6 20. Bxf6 Bxf6
21. Nf1 Rxd1 22. Rxd1 c6 23. Ne3 Bg5 24. g3 h5 25. h4 Be7 26. Qd3 Rd8 27. Qc2
Ra8 28. Qd3 Bc5 29. b4 Bb6 30. Qd6 Qxd6 31. Rxd6 Bxe3 32. fxe3 Ra6 33. Kf2 Kf8
34. Kf3 Ke7 35. Rd2 Ra1 36. c4 Rf1+ 37. Kg2 Rb1 38. cxb5 cxb5 39. Rd5 Rxb4 40.
Rxe5+ Kd6 41. Rd5+ Kc6 42. Re5 Rb2+ 43. Kf3 Rd2 44. Re8 Rd7 45. Rb8 Rb7 46.
Rc8+ Kd7 47. Rc1 b4 48. Ke2 b3 49. Kd3 b2 50. Rb1 Kd6 51. Kd4 f6 52. Kc4 Ke5
53. Kd3 Rb6 0-1